000 00845nam a2200229Ii 4500
003 JO-AjNU
008 230605s9999||||xx |||||||||||||| ||und||
017 _a2010/8146
020 _a978-977-441-776-7
040 _aJO-AjNU
_bara
_erda
_cJO-AjNU
041 _aara
050 1 4 _aDS126.S373.2010
100 3 _aالسرجاني، راغب ,
_eauthor
_960380
245 0 0 _aفلسطين..واجبات الامة: 1135 دورا ايجابيا لنصرة فلسطين
250 _aط1
264 3 1 _aالقاهرة: مؤسسة اقرأ للنشر والتوزيع والترجمة، 2010
300 _a511ص
_bيحتوي على صور توضيحية
336 _atext
_btxt
_2rdacontent
337 _aunmediated
_bn
_2rdamedia
338 _avolume
_bnc
_2rdacarrier
650 4 _aالقضية الفلسطينية-فلسطين-تاريخ
_960381
999 _aA27223
_c30791
_d30791